000 01071nam a2200289Ia 4500
005 20170724122215.0
010 _aBAC-EN21 ENG-111941
020 _a9780670085385
_c599.00
020 _a9780143424024
_c399.00 (AV)
035 _aEN-95473
035 _aB-579885-898
035 _aB-667310
037 _bAakar Books/Ven
_adpl
037 _bDBAD/PUB
082 _a954
100 _aMiller, Sam
245 _aA strange kind of paradise :
_cby Sam Miller
_bIndia through foreign eyes /
246 _a India through foreign eyes
260 _c2014
_aNew Delhi
_bPenguin Books
270 _a11 Community Centre, Panchsheel Park
_bNew Delhi
_e110017
300 _c24cm(Hb)
_aix,427p. :
_bill.,maps
500 _aIncludes index
650 _a Visitors, Foreign
_zIndia.
942 _cEN
_2ddc
_mMIL
_h954
999 _c88774
_d88774